000 00366nam a2200169Ia 4500
005 20251020182620.0
008 200515s9999 xx 000 0 und d
082 _aSC/985.019/C78
100 _aCORTAZAR, Pedro Felipe
245 0 _aDepartamento de Ica
250 _a2a ed.
260 _aLima
260 _cs.a.
300 _a158
650 _aICA
942 _cLIB
999 _c3623
_d3623